00817nas a2200349 4500000000100000008004100001260001300042653001500055653001000070653001600080653000900096653003700105653001300142653001000155653001300165653001100178653002100189653001100210653001200221653000900233653001600242653003000258653001600288653003100304100001700335700001500352700001500367245005200382300001200434490000700446022001400453 1967 d c1967 Sep10aAdolescent10aAdult10aAge Factors10aAged10aAsian Continental Ancestry Group10aAttitude10aChild10aFar East10aFemale10aHealth Education10aHumans10aleprosy10aMale10aMiddle Aged10aResidence Characteristics10aSex Factors10aSurveys and Questionnaires1 aMarshall C L1 aMaeshiro M1 aKorper S P00aAttitudes toward leprosy in the Ryukyu Islands. a795-8010 v82 a0094-6214